Państwa zaczynające się na literę "P" - Statystyki

Ogólne statystyki
  • Ten quiz został rozwiązany 139 razy
  • Średni wynik to 6 z 8
Statystyki odpowiedzi
Odpowiedź % Poprawnych
Polska
98%
Portugalia
93%
Peru
87%
Paragwaj
80%
Panama
77%
Pakistan
76%
Papua Nowa Gwinea
59%
Palau
58%
Nie znaleziono quizów pasujących do podanych kryteriów
Rozkład punktacji
Procent ludzi z każdym wynikiem
Percentyl według liczby udzielonych odpowiedzi
Twoja historia wyników
Nie rozwiązałeś tego quizu